Managerial economics: foundation of business analysis and strategy

Uloženo v:
Podrobná bibliografie
Hlavní autor: THOMAS, Christopher R.
Médium: Kniha
Jazyk:angličtina
Vydáno: McGraw hill Education, 2020.
Tagy: Přidat tag
Žádné tagy, Buďte první, kdo vytvoří štítek k tomuto záznamu!

MARC

LEADER 00000nam a22000007a 4500
008 210820b ||||| |||| 00| 0 eng d
020 |a 978-1-260-56554-6 
100 |a THOMAS, Christopher R. 
245 |a Managerial economics:   |b foundation of business analysis and strategy  |c Christopher R. Thomas, S. Charles Maurice  |g xxi, 726p. : ill. 
250 |b 13th ed. 
260 |b McGraw hill Education,   |c 2020.  |h New York:   |i 696477  |i 696478  |l HD30.22 .T35  |m Managerial economics 
500 |a “It includes references and index”. 
942 |a lcc  |c BK  |e Adeniran, F. A  |f 20/08/2021 
952 |0 0  |1 0  |2 lcc  |4 0  |6 HD003022 T35  |7 0  |9 3211  |a HOL  |b SSL  |c GJ  |d 2021-08-20  |l 0  |o HD30.22 .T35  |p 2021-66909  |r 2021-08-20 00:00:00  |w 2021-08-20  |y BK 
952 |0 0  |1 0  |2 lcc  |4 0  |6 HD003022 T35  |7 0  |9 3212  |a HOL  |b HOL  |c GJ  |d 2021-08-20  |l 0  |o HD30.22 .T35  |p 2021-66910  |r 2021-08-20 00:00:00  |w 2021-08-20  |y BK 
999 |c 1614  |d 1614